| 000 | 00790nam a2200205Ia 4500 | ||
|---|---|---|---|
| 005 | 20241129110111.0 | ||
| 008 | 241129s9999||||xx |||||||||||||| ||und|| | ||
| 037 | _aTB | ||
| 040 |
_aARTS _bpun _cARTS |
||
| 041 |
_apun _2pun |
||
| 084 |
_aV2:1972,(Q8441).N14 153R0 _qARTS |
||
| 100 | _aਰਾਹੀ, ਰਾਜਵਿੰਦਰ ਸਿੰਘ, ਚ। | ||
| 245 | 0 |
_aਕਾਮਾਗਾਟਾ ਮਾਰੂ ਅਸਲੀ ਸੱਚ _cਰਾਹੀ, ਰਾਜਵਿੰਦਰ ਸਿੰਘ, ਚ। |
|
| 260 |
_aਚੰਡੀਗੜ੍ਹ, ਭਾਰਤ _bਚੰਡੀਗੜ੍ਹ ਯੂਨੀਸਟਾਰ _c2017 |
||
| 300 | _a544ਪ੍ਰ0 | ||
| 365 |
_aINR _b495 |
||
| 650 |
_aHistory-INIDASikkhism _9727213 |
||
| 942 |
_cTB _hV2:1972,(Q8441).N14 153R0 |
||
| 999 |
_c1227307 _d1227307 |
||